000 00640nam a2200253Ia 4500
003 OSt
005 20221005130854.0
006 a|||||r|||| 00| 0
007 ta
008 221004b |||||||| |||| 00| 0 hin d
024 _a40058
037 _cTextual
040 _aCRL
_cCRL
_bhin
041 _2hin
_ahin
082 _aO15,2:g, 155K2
100 _aVatave K.N.
_9638776
245 0 _aSanskrit natya saundarya
260 _c1962
300 _a416p.
_ccm.
650 _a SANSKRIT DRAMA
650 _aMARATHI LITERATURE
_938000
942 _hO15,2:g, 155K2
_cTEXL
_2cc
999 _c1058654
_d1058654